|
|
|
|
| LEADER |
01649nam a2200385 a 4500 |
| 001 |
000019061 |
| 003 |
CZ BrMZK |
| 005 |
20260326072356.0 |
| 007 |
ta |
| 008 |
950313s1995 xr a f 001 0 cze d |
| 020 |
|
|
|a 80-85606-61-5
|
| 040 |
|
|
|a BOA001
|b cze
|
| 041 |
1 |
|
|a cze
|h ger
|
| 080 |
|
|
|a 591.9(211-17)(02.053.2)(084)
|2 MRF
|
| 100 |
1 |
|
|a Hensel, Wolfgang
|7 jn20000810204
|4 aut
|
| 245 |
1 |
0 |
|a Severská zvířata /
|c Wolfgang Hensel, Hildburg Thiemeyer ; [překlad František Řehoř, Miroslava Weberová]
|
| 250 |
|
|
|a České vyd.
|
| 260 |
|
|
|a Ostrava :
|b Blesk,
|c 1995
|
| 300 |
|
|
|a 64 s. :
|b barev. il. ;
|c 30 cm
|
| 490 |
1 |
|
|a Malá encyklopedie přírody
|
| 500 |
|
|
|a Přeloženo z němčiny
|
| 500 |
|
|
|a Terminologický slovník
|
| 500 |
|
|
|a Obsahuje rejstřík
|
| 500 |
|
|
|a Dostupné též v digitální podobě v aplikaci Kramerius
|
| 653 |
0 |
|
|a severní pól
|a severská zvířata
|
| 700 |
1 |
|
|a Thiemeyer, Hildburg
|7 mzk2013760330
|4 aut
|4 ill
|
| 830 |
|
0 |
|a Malá encyklopedie přírody
|
| 856 |
4 |
1 |
|u https://www.digitalniknihovna.cz/mzk/uuid/uuid:7e9a65a3-2d99-11f1-86fc-5606c915a561
|y Digitalizovaný dokument
|x NDK
|
| 910 |
|
|
|a BOA001
|b 4-1008.049
|b PK-N-0031.684
|
| 920 |
|
|
|a 000020577
|
| 964 |
|
|
|a Zvířata
|x pól severní
|x popis
|x život
|x vyprávění
|x publikace pro děti
|
| 990 |
|
|
|a BK
|
| 996 |
6 |
|
|b 2610020044
|c 4-1008.049
|l MZK
|r Sklad / do 1 hodiny
|n 0
|p p.v.
|w 000019061
|u 000010
|a 1
|e BOA001
|j MZK50
|s P
|
| 996 |
6 |
|
|b 2610021332
|c 4-1008.049
|l MZK
|r Sklad / do 1 hodiny
|n 0
|p p.v.
|w 000019061
|u 000020
|a 1
|e BOA001
|j MZK50
|s P
|
| 996 |
7 |
|
|b 3119000269
|c PK-N-0031.684
|l MZK
|r Sklad / do 1 hodiny
|n 6
|p kup
|w 000019061
|u 000030
|a 1
|e BOA001
|j MZK50
|s A
|